Normal view MARC view

Entry Personal Name

Number of records used in: 1

001 - CONTROL NUMBER

  • control field: 164803

003 - CONTROL NUMBER IDENTIFIER

  • control field: OSt

005 - DATE AND TIME OF LATEST TRANSACTION

  • control field: 20220923220920.0

008 - FIXED-LENGTH DATA ELEMENTS

  • fixed length control field: 220923|| aca||aabn | a|a d

040 ## - CATALOGING SOURCE

  • Original cataloging agency: OSt
  • Transcribing agency: OSt

100 ## - HEADING--PERSONAL NAME

  • Personal name: कानेण्ट, जेम्स बी0

670 ## - SOURCE DATA FOUND

  • Source citation: Work cat.: (OSt)344810: कानेण्ट, जेम्स बी0, शिक्षा और स्वतन्त्रता* आधुनिक लेकतंत्र में स्कूलों का योगदान, अनु विशालप्रसाद त्रिपाठी, 1965
Copyright @ Delhi University Library System